<?xml version="1.0" encoding="UTF-8"?>
<record
    xmlns:xsi="http://www.w3.org/2001/XMLSchema-instance"
    xsi:schemaLocation="http://www.loc.gov/MARC21/slim http://www.loc.gov/standards/marcxml/schema/MARC21slim.xsd"
    xmlns="http://www.loc.gov/MARC21/slim">

  <leader>02333nas a2200277Ia 4500</leader>
  <controlfield tag="001">R053-S9171</controlfield>
  <controlfield tag="003">IT-CnALBA</controlfield>
  <controlfield tag="008">170116c99999999xx ||||||||||||   ||und||</controlfield>
  <datafield tag="040" ind1=" " ind2=" ">
    <subfield code="a">IT-CnALBA</subfield>
    <subfield code="c">IT-CnALBA</subfield>
  </datafield>
  <datafield tag="041" ind1=" " ind2=" ">
    <subfield code="a">ITALIANO </subfield>
  </datafield>
  <datafield tag="100" ind1=" " ind2=" ">
    <subfield code="a">Piccardi Adriano # Marangi Michele # Autori vari</subfield>
  </datafield>
  <datafield tag="210" ind1=" " ind2=" ">
    <subfield code="a">CINEFORUM</subfield>
  </datafield>
  <datafield tag="222" ind1=" " ind2=" ">
    <subfield code="a">CINEFORUM</subfield>
  </datafield>
  <datafield tag="245" ind1=" " ind2="0">
    <subfield code="a">Cineforum 431. Gennaio-Febbraio 2004. Rivista di cultura cinematografica</subfield>
  </datafield>
  <datafield tag="250" ind1=" " ind2=" ">
    <subfield code="a">1a ed.</subfield>
  </datafield>
  <datafield tag="260" ind1=" " ind2=" ">
    <subfield code="a"> BERGAMO</subfield>
    <subfield code="b">Federazione Italiana Cineforum </subfield>
    <subfield code="c">2004 [1&#xB0; Ed.:2004 - Ed.Ling.Originale: 2004]</subfield>
  </datafield>
  <datafield tag="300" ind1=" " ind2=" ">
    <subfield code="a">96 p. </subfield>
  </datafield>
  <datafield tag="310" ind1=" " ind2=" ">
    <subfield code="a">MENSILE</subfield>
  </datafield>
  <datafield tag="362" ind1=" " ind2=" ">
    <subfield code="a">Fascicolo: 1 / Anno: 44 (2004)</subfield>
  </datafield>
  <datafield tag="500" ind1=" " ind2=" ">
    <subfield code="a">Bilancio DELL'ANNO. Campion, Hamer, Coppola, Dante Tsukamoto, Weir, Bari, Bertuccelli, Arcand, Scimeca. Tophorror 1974-2003. Dove va il festival di Torino? Quali sogni per le nuvole? I nostri preferiti. Schede. In The Cut di Jane Campion. Costantino J. Noi Albinoi di Dagur Kari. Filmese. L. Malavasi, Rossella N. Bertani Al. Mona Lisa Simile. Ah! Se fosi ricco. Ti spiace se ti bacio, mamma? Etc. Trentennale Horror. Premi Ferrero. Alberti R. Scrittura e disvelamento. Sivo A. L'ora di religione. di Marco Bellocchio. Torino 2003. Bruno Fornara, dove va il Festival. T. Masoni. il concorso etc. Festival e Rassegne. Rossi U. Marea di folla e di film a Salonicco. Tivutargets. Le lune del cinema. Libri e Soundtracks.   '</subfield>
  </datafield>
  <datafield tag="501" ind1=" " ind2=" ">
    <subfield code="a">Societ&#xE0; San Paolo EM - Piazza San Paolo, 14 - 12051 ALBA (CN)  (non commercial uses only) &#xAE; Copyright 2017</subfield>
  </datafield>
  <datafield tag="520" ind1=" " ind2=" ">
    <subfield code="a">Bilancio DELL'ANNO. Campion, Hamer, Coppola, Dante Tsukamoto, Weir, Bari, Bertuccelli, Arcand, Scimeca. Tophorror 1974-2003. Dove va il festival di Torino? Quali sogni per le nuvole? I nostri preferiti. Schede. In The Cut di Jane Campion. Costantino J. Noi Albinoi di Dagur Kari. Filmese. L. Malavasi, Rossella N. Bertani Al. Mona Lisa Simile. Ah! Se fosi ricco. Ti spiace se ti bacio, mamma? Etc. Trentennale Horror. Premi Ferrero. Alberti R. Scrittura e disvelamento. Sivo A. L'ora di religione. di Marco Bellocchio. Torino 2003. Bruno Fornara, dove va il Festival. T. Masoni. il concorso etc. Festival e Rassegne. Rossi U. Marea di folla e di film a Salonicco. Tivutargets. Le lune del cinema. Libri e Soundtracks.   '</subfield>
  </datafield>
  <datafield tag="650" ind1=" " ind2=" ">
    <subfield code="a">ARTI RICREATIVE E DELLO SPETTACOLO</subfield>
  </datafield>
  <datafield tag="942" ind1=" " ind2=" ">
    <subfield code="c">CR</subfield>
  </datafield>
  <datafield tag="957" ind1=" " ind2=" ">
    <subfield code="7">1</subfield>
  </datafield>
  <datafield tag="999" ind1=" " ind2=" ">
    <subfield code="a">79816</subfield>
    <subfield code="b">NO</subfield>
    <subfield code="g">1</subfield>
    <subfield code="c">336233</subfield>
    <subfield code="d">336233</subfield>
  </datafield>
  <datafield tag="952" ind1=" " ind2=" ">
    <subfield code="0">0</subfield>
    <subfield code="1">0</subfield>
    <subfield code="4">0</subfield>
    <subfield code="6">R_053S9171</subfield>
    <subfield code="7">1</subfield>
    <subfield code="a">ALBA</subfield>
    <subfield code="b">ALBA</subfield>
    <subfield code="d">2017-01-16</subfield>
    <subfield code="l">0</subfield>
    <subfield code="o">R053-S9171</subfield>
    <subfield code="r">2017-01-16 00:00:00</subfield>
    <subfield code="w">2017-01-16</subfield>
    <subfield code="y">CR</subfield>
    <subfield code="z">(data import: 16 gennaio 2017) - By Epidotti, Vaglietti. </subfield>
  </datafield>
</record>
